00305nam a2200121Ia 4500008004100000041000800041082001700049100001700066245002600083260003900109300002400148365001100172240624s9999 xx 000 0 und d aeng a332.2054 KAR aKARMAKAR K G aMICROFINANCE IN INDIA c2008aNew DelhibSage Publications a489 : p. : cm. ; 22 cRSb34